Neighborhoods, Parent, Peers, and Adolescent Delinquency: What Is the Role of Parenting?

Guardado en:  
Detalles Bibliográficos
Autor principal: Chung, He Len (Autor)
Tipo de documento: Print Artículo
Lenguaje:Inglés
Publicado: Temple University 2004
En:Enthalten in: ProQuest Dissertations and Theses
Verificar disponibilidad: HBZ Gateway

MARC

LEADER 00000caa a22000002c 4500
001 1912634805
003 DE-627
005 20250125055251.0
007 tu
008 241217s2004 xx ||||| 00| ||eng c
035 |a (DE-627)1912634805 
035 |a (DE-599)KXP1912634805 
040 |a DE-627  |b ger  |c DE-627  |e rda 
041 |a eng 
084 |a 2,1  |2 ssgn 
100 1 |a Chung, He Len  |e VerfasserIn  |4 aut 
245 1 0 |a Neighborhoods, Parent, Peers, and Adolescent Delinquency: What Is the Role of Parenting? 
264 1 |b Temple University  |c 2004 
336 |a Text  |b txt  |2 rdacontent 
337 |a ohne Hilfsmittel zu benutzen  |b n  |2 rdamedia 
338 |a Band  |b nc  |2 rdacarrier 
773 0 8 |i Enthalten in  |t ProQuest Dissertations and Theses 
787 0 8 |i Forschungsdaten  |a United States. Bureau of the Census  |t Census of Population and Housing, 2000 (United States): Summary File 3, National  |d [Erscheinungsort nicht ermittelbar] : [Verlag nicht ermittelbar], 2003  |w (DE-627)1902790146 
935 |a mkri 
951 |a AR 
ELC |b 1 
LOK |0 000 xxxxxcx a22 zn 4500 
LOK |0 001 4637600340 
LOK |0 003 DE-627 
LOK |0 004 1912634805 
LOK |0 005 20241217044741 
LOK |0 008 241217||||||||||||||||ger||||||| 
LOK |0 035   |a (DE-2619)ICPSR156853 
LOK |0 040   |a DE-2619  |c DE-627  |d DE-2619 
LOK |0 092   |o n 
LOK |0 852   |a DE-2619 
LOK |0 852 1  |9 00 
LOK |0 935   |a uvkn  |a nacp 
LOK |0 939   |a 17-12-24  |b l01 
ORI |a SA-MARC-krimdoka001.raw